| 000 | 01411cam a22003614a 4500 | ||
|---|---|---|---|
| 001 | 13961833 | ||
| 003 | OSt | ||
| 005 | 20140310181924.0 | ||
| 008 | 050511s2006 ilu 001 0 eng | ||
| 010 | _a 2005049557 | ||
| 020 | _a0071463380 (pbk.) | ||
| 040 |
_aDLC _cDLC _dDLC |
||
| 041 | 0 |
_aeng _aspa |
|
| 042 | _apcc | ||
| 050 | 0 | 0 |
_aPC 4112.5 _b.B74 2006 |
| 082 | 0 | 0 |
_aTRF 468.2421 _b B74 2006 |
| 100 | 1 |
_aBregstein, Barbara. _92076 |
|
| 245 | 1 | 0 |
_aEasy Spanish step-by-step : _bmastering high-frequency grammar for Spanish proficiency--fast! / _cBarbara Bregstein. |
| 260 |
_aChicago : _bMcGraw-Hill, _c2006. |
||
| 300 |
_axvi, 304 p. ; _c24 cm. |
||
| 500 | _aIncludes index. | ||
| 521 | _aFaculty | ||
| 541 | _j1 | ||
| 562 | _e1 | ||
| 650 | 0 |
_aSpanish language _xGrammar. _92077 |
|
| 650 | 0 |
_aSpanish language _vSelf-instruction. _92078 |
|
| 650 | 0 |
_aSpanish language _xTextbooks for foreign speakers _xEnglish. _92079 |
|
| 856 | 4 | 2 |
_3Contributor biographical information _uhttp://www.loc.gov/catdir/enhancements/fy0625/2005049557-b.html |
| 856 | 4 | 2 |
_3Publisher description _uhttp://www.loc.gov/catdir/enhancements/fy0625/2005049557-d.html |
| 906 |
_a7 _bcbc _corignew _d1 _eocip _f20 _gy-gencatlg |
||
| 942 |
_2lcc _cBK-TR _kTR |
||
| 999 |
_c7111 _d7111 |
||